000 01048cam a2200349 4500
008 000000n2000 000 0 eng u
020 _a1851124551
035 _a(Sirsi) u110271
041 _aeng
050 _a306.0212
110 _aUnited Kingdom
_bDepartment of the Environment, Transport and the Regions
_93507
245 _aHousing statistics 2000.
260 _aLondon
_bDETR
_c2000
300 _aviii,125p. ; 30cm.
350 _a28.00
520 _aAlso available on the DETR website www.housing.detr.gsi.gov.uk
650 _aHOMELESSNESS
650 _aHOUSE BUILDING
650 _aHOUSEHOLD INCOME
650 _aHOUSING FINANCE
650 _aHOUSING RENEWAL SCHEMES
650 _aHOUSING RENOVATION
650 _aHOUSING STOCK
650 _aRENT REGULATION
650 _aSTATISTICS
690 _aHOUSING
710 _aScottish Executive
_93811
710 _aNAFW
_93812
710 _aDepartment of Social Development for Northern Ireland
_94047
856 _uhttps://www.housing.detr.gsi.gov.uk
942 _n0
999 _c101082
_d101082